01183nam a22002057a 450000500170000000800410001702000180005804000180007608200200009410000170011424500700013125000120020126000460021330000270025950003440028650502820063065000130091265000270092565000250095220250506115946.0250428b |||||||| |||| 00| 0 eng d a9789351611509 cAIMIT LIBRARY 21a658.4 bPRAL aPrasad, L M. aManagement process and organizational behaviour /cBy L M Prasad. a1st ed. aNew Delhi :bSultan Chand & Sons /c2024. ax,212p. ;bPBc24.8 cm aThe book in the present edition has been thoroughly revised and restructured. All the chapters have been re – written not only to incorporate new developments in organizational behavior but also to make the subject – matter more lucid and crisp. Thus , the present edition is vastly improved both in terms of contents and presentation. a Contents : Part I: Management Process Introduction to management Planning Organizing Staffing Motivating and Leading Controlling Part II: Organizational Behaviour Introduction to Organizational Behaviour Individual Behaviour Group Behaviour Team Development Appendix Glossary aPlanning aMotivating and leading aIndividual behaviour